7+1 office XP : ελληνικά Windows XP, Office XP, εισαγωγή στους Η/Υ + εισαγωγή στο internet

Saved in:
Bibliographic Details
Other Authors: Καρτσακλής, Δημήτρης
Format: Book
Language:Greek
Published: Αθήνα : Κλειδάριθμος, c2002, 2003 ανατ.
Subjects:
Tags: Add Tag
No Tags, Be the first to tag this record!

MARC

LEADER 00000nam a2200000 i 4500
001 1/64528
008 041102s2002 gre d
020 |a 960-332-204-0 
035 |l 10075021 
040 |a GR-MY-UA  |b gre  |e aacr 
041 0 |a gre 
082 0 |a 005.369 
245 1 0 |a 7+1 office XP :  |b ελληνικά Windows XP, Office XP, εισαγωγή στους Η/Υ + εισαγωγή στο internet /  |c επιμέλεια έκδοσης: Δημήτρης Καρτσακλής 
260 |a Αθήνα :   |b Κλειδάριθμος,   |c c2002, 2003 ανατ. 
300 |a 847 σ.;  |b εικ.;  |c 24 εκ. 
500 |a Word 2002 ... Outlook 2002 
500 |a Το βιβλίο γράφηκε από ομάδα συγγραφέων 
504 |a Περιλαμβάνει ευρετήριο 
630 0 0 |a Microsoft Office. 
650 0 0 |a Business  |x Computer programs. 
650 0 0 |a Microsoft software. 
700 1 |a Καρτσακλής, Δημήτρης. 
852 |a INST  |b CHIOS  |e 20041102  |h 005.369 OFF  |p 005200022937  |q 005200022937  |t BK  |y 620 
901 |a BIBL2-2004-3 
909 |a Χ  |b 106470 
922 |a 2ΕΛΗ  |b 200309  |c ΤΝΕΥ  |d ΠΑΠΑΣΩΤΗΡΙΟΥ 
950 |a 125-2003-09-04 
970 |a ΣΑΛΑΜΟΥΡΑ  |b ΜΑΡΙΑ  |z 2004/11/03